| 000 | 00743nam a22002411 4500 | ||
|---|---|---|---|
| 001 | 17482 | ||
| 003 | ES-SlBC | ||
| 005 | 20210327223948.0 | ||
| 008 | 930725s1972 sp spa | ||
| 016 | 7 |
_abimoBNE19994440541 _zIND9300604249 _2SpMaBN |
|
| 017 |
_aBI 2508-1973 _bOficina Depósito Legal Vizcaya |
||
| 035 | _a(OCoLC)432648043 | ||
| 040 |
_aSpMaBN _bspa _cA2 _dES-SlBC |
||
| 080 | 0 | _a264.02-12 | |
| 110 | 2 |
_aIglesia Católica _91889 |
|
| 240 | _a[Missale] | ||
| 245 | 1 | 0 |
_aMisal del Vaticano II _cpresentado por Pedro Jounel _b : Misal de la semana |
| 260 | 0 |
_aBilbao: _bDesclée de Brouwer _c, D.L. 1972 |
|
| 300 |
_a[43], 1952 p. ; _c16 cm |
||
| 655 | 7 |
_aMisales _917908 |
|
| 700 | 1 | 1 |
_aJounel, Pierre _911327 |
| 942 |
_2lcc _cBK |
||
| 999 |
_c447101 _d447101 |
||